000 00726nam a2200265 i 4500
001 C2-0301797
003 PPAK
005 20180728083020.0
008 091224s2008 nyua|||| ||||| | eng d
020 _a0761454810 ; 9780761454816
040 _aPPAK
_beng
_cPPAK
_erda
082 0 4 _a943
_223
090 0 0 _a943
_bLOR
_dR
100 1 _aLord, Richard,
_eauthor
245 1 0 _aGermany
264 1 _aTarrytown, New York :
_bMarshall Cavendish ,
_c2008
300 _aix, 318 pages :
_billustrations ;
_c21 cm
336 _2rdacontent
_atext
337 _2rdamedia
_aunmediated
338 _2rdacarrier
_avolume
490 1 _aCulture shock!
650 1 0 _aEtiquette - Germany
830 0 _aCulture shock!
942 _ddc
_cB
999 _c105555
_d105555